Δίκαιο πνευματικής ιδιοκτησίας και κοινοτικό κεκτημένο

Αποθηκεύτηκε σε:
Λεπτομέρειες βιβλιογραφικής εγγραφής
Κύριος συγγραφέας: Κοτσίρης, Λάμπρος Ε., 1934-
Μορφή: Βιβλίο
Γλώσσα:Greek
Δημοσίευση: Αθήνα : Σάκκουλα, 2011.
Έκδοση:6η έκδ.
Θέματα:
Ετικέτες: Προσθήκη ετικέτας
Δεν υπάρχουν, Καταχωρήστε ετικέτα πρώτοι!

MARC

LEADER 00000cam a2200000 i 4500
001 1/62441
008 141222s2011 gr | ||| |||| ||gre||
020 |a 9789604456901 
035 |l 10120232 
040 |a GR-MyUa  |b gre  |e AACR2 
041 0 |a gre 
082 7 |a 346.0482   |2 (23) 
100 1 |a Κοτσίρης, Λάμπρος Ε.,   |d 1934- 
245 1 0 |a Δίκαιο πνευματικής ιδιοκτησίας και κοινοτικό κεκτημένο /   |c Λάμπρου Ε. Κοτσίρη. 
250 |a 6η έκδ. 
260 |a Αθήνα :   |b Σάκκουλα,   |c 2011. 
300 |a xxv, 483 σ. ;   |c 24 εκ. 
504 |a Βιβλιογραφία: σ. [xxiii]-xxv. Ευρετήριο. 
650 0 |a Intellectual property  |z Greece. 
650 0 |a Copyright  |z Greece. 
852 |a INST  |b SYROS  |c EUDOXUS  |e 20141222  |h 346.0482 ΚΟΤ  |p 005500012315  |q 005500012315  |t EDX  |y 0 
901 |a BIBL5-2014-3 
920 |a Εύδοξος  |b Παραγγελία  |y Σύρος-ΤΜΣΠΣ  |z 2014-12 
970 |a Κοντού  |b Παρασκευή  |z 22/12/2014